000 00262nam a2200085 4500
999 _c524712
_d524712
082 _aG1x54 PA
245 _aParliamentary museum: bringing parliament closer to people, a high tech experiment o
_c
260 _aNew Delhi
_bLok Sabha Secretariat
_c2007
300 _a51p.